| 000 | 00971cab a2200193 4500 | ||
|---|---|---|---|
| 001 | ##L134936 | ||
| 008 | 060911n2006 000 0 eng u | ||
| 035 | _a(Sirsi) u134936 | ||
| 041 | 0 | _aeng | |
| 110 | 2 |
_aEngland and Wales _bEnvironment Agency _92469 |
|
| 245 | 0 | 0 | _aDo we need large-scale water transfers for south east England? |
| 260 |
_aLondon _bEnvironment Agency _c2006 |
||
| 520 | _aReport concludes that a large-scale water grid is not the answer to the south east's water shortages. More satisfactory, sustainable options are measures such as reducing leaks, encouraging users to save water and sharing water between regions. | ||
| 590 | _aIKA190906 | ||
| 651 | 4 |
_aEngland and Wales _y1543- |
|
| 690 | _aENVIRONMENTAL AND LAND CONSULTANCY-WATER RESOURCE MANAGEMENT | ||
| 856 | 4 | 0 |
_uhttps://www.environment-agency.gov.uk/static/documents/Research/grid_1464452.pdf _zView the report free of charge at the www.environment-agency.gov.uk website. |
| 942 | _n0 | ||
| 999 |
_c105851 _d105851 |
||